00735nam a2200241 a 4500001001300000003000900013005001700022008004100039020002200080082001600102100001800118245006200136260003700198300001000235500003500245650002400280650002400304700001800328902000800346942000700354952011500361999001700476nice12345678IN_TiNIC20260116014544.0140917s2012 kola grp 000 0 eng  a8175050675 c5000a200.1bVIV1 aVivekananda,  aPhilosophical and Religious Lectures of Swami Vivekananda aKolkata bAdvaita Asharma c2012 a291p  aincludes index and biblioraphy aPhilosophy-Religion aReligion-Philosophy1 aVivekananda,  bSRS cBK 001040708StackRoom-aHMIbHMId2005-01-01g50.00l0o200.1 VIV1p024733r2005-01-01v50.00w2014-09-17yBK c15952d15952